Score 0/20 Timer 04:00
0 Plays Today
Hint Missing Word % Correct
Luck has ____ to do with itNothing
94.7%
Lucky ____Charms
91.8%
You ____ what luck is? Luck is believing you're lucky, that's all... Know
90.9%
Today I consider ____ the luckiest man on the face of the Earth.Myself
90%
As luck ____ have itWould
87.4%
If it wasn't for ____ luck, I wouldn't have no luck at allBad
87.2%
Luck Be a ____Lady
85%
Luck of the ____.Irish
83.3%
Good ____, and Good LuckNight
83%
Press ____ LuckYour
80.9%
Hint Missing Word % Correct
I'd rather be lucky than ____.Good
74.8%
Do I feel lucky?' Well, do ya, ____? Punk
74.7%
Lucky ____Strike
74.6%
The ____ Luck ClubJoy
73.1%
Lucky ____ SlevinNumber
63.3%
Luck of the ____Draw
60.9%
Lucky ____Star
40.9%
You ____ LuckyGot
38.8%
Good Luck ____Charlie
33.4%
____ Luck WomanHard
30.1%

Today's Daily Dose

Remove Ads.
Support Sporcle.
Get the best of Sporcle when you Go Orange. This ad-free experience offers more features, more stats, and more fun while also helping to support Sporcle. Thank you for becoming a member.

You're not logged in!

Compare scores with friends on all Sporcle quizzes.
OR
Log In

Sporcle TV

Today on Sporcle TV


Watch our educational content, quiz creation guides, and fun videos on Sporcle TV.

Show Comments

Extras

Top Quizzes Today


Score Distribution

Paid Content

Your Account Isn't Verified!

In order to create a playlist on Sporcle, you need to verify the email address you used during registration. Go to your Sporcle Settings to finish the process.

Report this User

Report this user for behavior that violates our Community Guidelines.

Details: